Statistiques concernant Pays plus peuplés que leurs voisins

Cliquez ici pour prendre le quiz!

Statistiques générales

  • Ce quiz a été pris 26 168 fois
    (8 234 depuis la dernière actualisation)
  • Le résultat moyen est 11 sur 17

Statistiques - réponses

# FrontièresRéponsePays frontaliers% Correct
2États-UnisCanada, Mexique
94%
6IndeBangladesh, Bhoutan, Birmanie, Chine, Népal, Pakistan
94%
10BrésilArgentine, Bolivie, Colombie, France, Guyana, Paraguay, Pérou, Suriname, Uruguay, Venezuela
90%
9AllemagneAutriche, Belgique, Danemark, France, Luxembourg, Pays-Bas, Pologne, Rép. tchèque, Suisse
86%
6Afrique du SudBotswana, Eswatini, Lesotho, Mozambique, Namibie, Zimbabwe
73%
6AlgérieLibye, Mali, Maroc, Mauritanie, Niger, Tunisie
71%
9RD CongoAngola, Burundi, Ouganda, République Centrafricaine, République du Congo, Rwanda, Soudan du Sud, Tanzanie, Zambie
71%
3ÉgypteIsraël, Libye, Soudan
65%
3IndonésieMalaisie, Papouasie-Nouvelle-Guinée, Timor Oriental
65%
4NigeriaBénin, Cameroun, Niger, Tchad
64%
1Royaume-UniIrlande
60%
2SuèdeFinlande, Norvège
54%
1Corée du SudCorée du Nord
52%
6ÉthiopieDjibouti, Érythrée, Kenya, Somalie, Soudan, Soudan du Sud
48%
4ThaïlandeBirmanie, Cambodge, Laos, Malaisie
39%
1HaïtiRépublique Dominicaine
36%
3GhanaBurkina Faso, Côte d'Ivoire, Togo
20%

Distribution des résultats

Percentile par nombre de réponses

% des personnes avec chaque résultat

Votre développement - résultats

Vous n’avez pas pris ce quiz depuis la dernière actualisation